Normal view
MARC view
Entry Personal Name
001 - CONTROL NUMBER
- control field: 5701
003 - CONTROL NUMBER IDENTIFIER
- control field: OSt
005 - DATE AND TIME OF LATEST TRANSACTION
- control field: 20120105144555.0
008 - FIXED-LENGTH DATA ELEMENTS
- fixed length control field: 120105|||a|||||| | ||| d
040 ## - CATALOGING SOURCE
- Original cataloging agency: OSt
- Transcribing agency: OSt
100 ## - HEADING--PERSONAL NAME
- Personal name: Gertzel, Cherry J.,
- Relator term: comp.
670 ## - SOURCE DATA FOUND
- Source citation: Work cat.: (OSt)0: Gertzel, Cherry J., comp., Government and politics in Kenya;, [1969]
